00649nam a2200193 i 450000100060000000300090000600500170001500700030003200800410003508000120007610000310008824501780011925000120029726000340030930000360034365000350037970000190041485200220043333145ES-MaACL20250730063055.0t|030201s1970 sp ||||1| spa d a159.9231 aBernard, Paul, d1909-199513aEl desarrollo de la personalidad : biniciación a la comprensión del comportamiento humano y de las relaciones interpersonales / cPaul Bernard ; versión Roberto Cruz. a1ª ed. aBarcelona : bToray, c[1970] aVIII, 102 p. : bil. ; c22 cm. 4aDesarrollo de la personalidad.1 aCruz, Roberto.4 aES-MaACLjC-45097